The American political journal : an introductory reader

Bibliographic Details
Other Authors: McCleskey, Clifton (Editor)
Format: Book
Language:English
Published: Homewood : The Dorsey Press 1982
Series:The Dorsey series in political science
Subjects:

MARC

LEADER 00000cam a2200000 7i4500
001 0000002578
005 20240925.0
008 991130 ilu a eng
020 |a 025602765x (pbk) 
040 |a INS   |b eng   |e rda 
090 0 0 |a PN4751   |b .A43 1982 
245 1 4 |a The American political journal :   |b an introductory reader   |c Cliffon McCleskey 
264 1 |a Homewood :   |b The Dorsey Press   |c 1982 
264 4 |c ©1982 
300 |a x, 162 pages :   |b illustrations ;   |c 28 cm. 
336 |a text  |2 rdacontent 
337 |a unmediated  |2 rdamedia 
338 |a volume  |2 rdacarrier 
490 0 |a The Dorsey series in political science 
500 |a Consists of articles reprinted from the Wall Street journal 
651 0 |a United states   |x Politics and gravernent   |x Periodicals 
700 1 |a McCleskey, Clifton ,   |e editor 
999 |a 0000000807   |b BOOK   |c Open Shelf   |e Default branch